|
|
|
|
| LEADER |
00000nam a2200000 a 4500 |
| 001 |
vtls001431586 |
| 003 |
SK-MaSNL |
| 005 |
20260302001912.0 |
| 008 |
240313s2001 DE a ra ger |
| 020 |
|
|
|a 3811219197
|
| 035 |
|
|
|a SNK000386629
|
| 035 |
|
|
|a urn:nbn:sk:snk-amyh6k
|
| 035 |
|
|
|a urn:nbn:sk:snk-am00ckqu
|
| 035 |
|
|
|a E856B24F-7809-4097-AB1D-8375EE417048
|
| 040 |
|
|
|a SNK
|b slo
|c SNK
|e AACR2
|
| 041 |
0 |
|
|a ger
|
| 044 |
|
|
|a DE
|
| 080 |
|
|
|a 820-93=30
|2 1981
|
| 080 |
|
|
|a 820-34=30
|2 1981
|
| 100 |
1 |
|
|a Baxter, Nicola
|4 aut
|9 65717
|
| 245 |
1 |
4 |
|a Das Superbuch der 5-Minuten-Geschichten
|c Nicola Baxter ; mit Illustrationen von Jenny Press ; [Übersetzung: Dagmar Mallett, Cornelia Panzacchi, Michael Holtmann]
|
| 260 |
|
|
|a [Bindlach]
|b Gondrom
|c c2001
|e [Martin
|f Neografia]
|
| 300 |
|
|
|a 236 s.
|b fareb. ilustr.
|c 31 cm
|
| 500 |
|
|
|a Údaj o prekl. prevzatý z rubu tit. strany
|
| 650 |
0 |
7 |
|a anglické rozprávky
|2 SNK
|9 299020
|
| 700 |
1 |
|
|a Press, Jenny
|4 ill
|9 66247
|
| 700 |
1 |
|
|a Mallett, Dagmar
|4 trl
|9 299021
|
| 700 |
1 |
|
|a Panzacchi, Cornelia
|4 trl
|9 638540
|
| 700 |
1 |
|
|a Holtmann, Michael
|4 trl
|9 454421
|
| 919 |
|
|
|a 3-8112-1919-7
|
| 958 |
|
|
|a OND
|
| 999 |
|
|
|c 985812
|d 987742
|
| 952 |
|
|
|a SNK
|b SNK
|y VYP
|7 0
|p 17A0520498
|o snkSB 64811 D1
|i snk2006/17029
|8 1
|0 0
|1 0
|4 0
|d 2006-08-30
|l 0
|r 2026-02-24 11:32:30
|w 2026-02-24
|
| 952 |
|
|
|t P60, <03>, [BOOK], {603}
|a SNK
|b SNK
|y PREZ
|7 0
|p 17A0338623
|o snkSB 64811
|i snkKSP 3815/2002
|0 0
|1 0
|4 0
|d 2002-04-08
|f 1
|l 0
|r 2025-04-14 00:00:00
|w 2026-02-24
|